000 00450nam a2200193Ia 4500
008 170918s9999 xx 000 0 und d
020 _a9781442428782
050 _bV891 1981
100 _aVoigt, Cynthia
245 _aHomecoming /
245 _cby Cynthia Voigt.
260 _aNew York :
260 _bAtheneum,
260 _c1981
300 _a388 pages :
300 _billustrations ;
300 _c21cm.
300 _eTillerman cycle ;
999 _c343640
_d343640